Solid Mechanics: (Record no. 586678)
[ view plain ]
| 000 -LEADER | |
|---|---|
| fixed length control field | 00364nam a22001337a 4500 |
| 020 ## - INTERNATIONAL STANDARD BOOK NUMBER | |
| International Standard Book Number | 9781489992482 |
| 040 ## - CATALOGING SOURCE | |
| Transcribing agency | NUST |
| 082 ## - DEWEY DECIMAL CLASSIFICATION NUMBER | |
| Classification number | 620.105 |
| Author Mark | DYM |
| 100 ## - MAIN ENTRY--PERSONAL NAME | |
| Personal name | Dym, Clive L. |
| 9 (RLIN) | 42677 |
| 110 ## - MAIN ENTRY--CORPORATE NAME | |
| Corporate name or jurisdiction name as entry element | Shames, Irving Herman |
| 9 (RLIN) | 83777 |
| 245 ## - TITLE STATEMENT | |
| Title | Solid Mechanics: |
| Remainder of title | A Variational Approach Augmented Edition |
| 260 ## - PUBLICATION, DISTRIBUTION, ETC. | |
| Place of publication, distribution, etc. | New York: |
| Name of publisher, distributor, etc. | Springer, |
| Date of publication, distribution, etc. | 2013. |
| 942 ## - ADDED ENTRY ELEMENTS (KOHA) | |
| Source of classification or shelving scheme | |
| Koha item type | Book |
| Withdrawn status | Lost status | Source of classification or shelving scheme | Damaged status | Not for loan | Permanent Location | Current Location | Shelving location | Date acquired | Total Checkouts | Full call number | Barcode | Date last seen | Price effective from | Koha item type |
|---|---|---|---|---|---|---|---|---|---|---|---|---|---|---|
| College of Electrical & Mechanical Engineering (CEME) | College of Electrical & Mechanical Engineering (CEME) | General Stacks | 11/10/2021 | 620.105 DYM | CEME-50209 | 11/10/2021 | 11/10/2021 | Book |
